Autonomia monetria, heteronimía monetaria y dinero pasivo (Registro nro. 15149)
[ vista simple ]
| 000 -LEADER | |
|---|---|
| fixed length control field | 00336 a2200109 4500 |
| 001 - CONTROL NUMBER | |
| control field | ART_17848 |
| 005 - DATE AND TIME OF LATEST TRANSACTION | |
| control field | 20260410161701.0 |
| 008 - FIXED-LENGTH DATA ELEMENTS--GENERAL INFORMATION | |
| fixed length control field | 260409a |
| 100 1# - MAIN ENTRY--PERSONAL NAME | |
| Personal name | Olivera, Julio H.G. |
| 245 10 - TITLE STATEMENT | |
| Title | Autonomia monetria, heteronimía monetaria y dinero pasivo |
| 773 0# - HOST ITEM ENTRY | |
| Title | Ensayos Económicos |
| Related parts | - Nº 13 (mar. 1980) |
| Record control number | REV620 |
No hay ítems disponibles.